000 00495nam a2200169Ia 4500
008 210423s2005 xx 000 0 und d
020 _a8178295369
041 _aeng
082 _a659.2 TRED
100 _aTREADWELL (Donald);TREADWELL (Jill B).
245 _aPublic relations writing: principles in practice.
250 _a2
260 _aNew Delhi
_bResponse Books
_c2005
300 _axxv,517
_bPB
365 _b675
_cINR
906 _apractice. ; principles ; Public ; relations ; writing:
999 _c158932
_d158932